Les 20 villes les plus peuplées de la Savoie sur une carte - Statistiques

Statistiques générales
  • Ce quiz a été pris 101 fois
  • Le résultat moyen est 9 sur 20
Réponses sur la Carte
Les réponses sont colorées sur une échelle allant du rouge au vert en fonction du pourcentage des utilisateurs qui les ont devinées à leur premier essai. Vous pouvez retrouver ces pourcentages ci-dessous.
 
Statistiques - réponses
Population Ville % Correct
60 251 Chambéry
98%
19 706 Albertville
90%
32 175 Aix-les-Bains
81%
7 524 Saint-Jean-de-Maurienne
68%
7 228 Bourg-Saint-Maurice
56%
12 167 La Motte-Servolex
55%
7 162 Ugine
48%
5 077 Le Bourget-du-Lac
47%
5 626 Challes-les-Eaux
45%
9 154 La Ravoire
42%
6 729 Cognin
33%
4 409 Aime-la-Plagne
32%
4 633 Grésy-sur-Aix
30%
6 589 Saint-Alban-Leysse
30%
5 246 Barberaz
29%
5 118 Bassens
26%
4 340 Jacob-Bellecombette
21%
4 175 Saint-Pierre-d'Albigny
20%
6 465 Entrelacs
16%
4 185 Valgelon-La Rochette
13%
Aucun quiz correspondant
Distribution des résultats
% des personnes avec chaque résultat
Percentile par nombre de réponses
Votre historique - résultats
Vous n’avez pas pris ce quiz